| 000 | 00510nam a2200169 4500 | ||
|---|---|---|---|
| 008 | 160706b xxu||||| |||| 00| 0 eng d | ||
| 020 | _a0321577290 | ||
| 050 | _aQA 152.3.C37 2011 | ||
| 100 |
_aTom Carson _d2011 |
||
| 245 |
_aElementary algebra / _cTom Carson and Bill Jordan |
||
| 250 | _a3rd ed. | ||
| 260 |
_aLondon: _bPearson, _c2011. |
||
| 300 |
_axxv, 754(50) p. : ill. _bIncludes index. |
||
| 650 | _aAlgebra. | ||
| 700 | _a Jordan, Bill. | ||
| 942 |
_2lcc _cBOOKS _hQA 152.3.C37 2011 |
||
| 999 |
_c11360 _d11360 |
||